00927nam a22001577a 4500999001900000008004100019100002700060245009100087260002000178300003600198520038100234773002000615906001600635942000700651952011100658 c524437d524437231117b ||||| |||| 00| 0 eng d aGogai, Noihrit 946115 aBaghjan Blowout: Environmental injustice and precarious futures in a carbon landscape  aSocial Action  a73(4), Oct-Dec, 2023: p.406-420 aThe paper delves into the officermath of the catastrophic Banghjan Blowout incident that occurred in May 2020, devaluating the people and the ecology of the easternmost region of Assam. The blowout caused uncontrollable gas and condensers leakage to a fire that ravaged house, paddy, fields, tea graders, and warlords, affecting lives and displacing thousands. – Reproduced  aSocial Action  aENVIRONMENT cAR 00102ddc40709399492aIIPAbIIPAd2023-11-17h73(4), Oct-Dec, 2023: p.406-420pAR130317r2023-11-17yAR